| 000 | 01939ncm0a2200373 4500 | ||
|---|---|---|---|
| 001 | RU\NLR\ONIZ\219575 | ||
| 005 | 20250626085141.0 | ||
| 013 | _a979-0-706431-89-5 | ||
| 021 |
_aRU _b17-113н _917-7н |
||
| 035 | _a(NLR Aleph) 011535163 | ||
| 090 |
_a12165543 _c12165543 |
||
| 100 | _a20170913d2017 |||y0rusy50 ca | ||
| 101 | 0 | _arus | |
| 102 | _aRU | ||
| 125 | _azy | ||
| 128 | _asu | ||
| 145 | 0 | _ab | |
| 200 | 1 |
_aВремена года _bНоты _eсюита для 2 фп. _hЧ. I _eор. 45 _fТ. Романовский-Степанов |
|
| 210 |
_aМосква _cКомпозитор _d2017 |
||
| 215 |
_a20 с. _d29 см |
||
| 300 | _aКрат. биогр. справка: с. 2 | ||
| 313 | _aСистематизация документа проведена по изданию - Методика классифицирования музыкальных произведений (нотных изданий) по таблицам Библиотечно-библиографических классификаций : метод. рекомендации / Гос. б-ка СССР им. В.И. Ленина.- М., 1977. Индексу ББК методических рекомендаций присваивается код ББК для научных библиотек - LBC/SL | ||
| 606 | 1 |
_aПроизведения для двух фортепиано в 4 руки _yРоссия _z20-21 век _jНоты _2nlr_sh |
|
| 686 |
_aЩ952.424.4-043(2Р) _vLBC/SL _2rubbk |
||
| 700 | 1 |
_9z03790 _aРомановский-Степанов _bТ. А. _f2002- _gТихон Алимович _4230 _7ca |
|
| 790 | 1 |
_9z03700 _aRomanovskij-Stepanov _bT. A. _f2002- _gTichon Alimovič _4230 _7ba |
|
| 801 | 0 |
_aRU _bNLR _c20170913 _gPSBO |
|
| 801 | 1 |
_aRU _bNLR _c20170913 _2rusmarc |
|
| 801 | 2 |
_aRU _bNLR _c20190630 |
|
| 852 |
_aNLR _bМ _jК-3/28820(1) _pМОЭ 2017-7н/113н _t1 |
||
| 942 | _cSCORE | ||
| 980 | _aNB | ||
| 980 | _aONIZ | ||